| 000 | 01009 a2200169 4500 | ||
|---|---|---|---|
| 003 | Nust | ||
| 005 | 20230227102136.0 | ||
| 040 | _cNust | ||
| 082 | _a294.3,SIN | ||
| 100 |
_aRaja Sir Daljit Singah _9109582 |
||
| 245 |
_aGuru Nanak / _cRaja Sir Daljit Singh |
||
| 260 |
_aLahore _bA lion publication |
||
| 300 | _axvi,156 p.; | ||
| 505 | _aThe Age us Like a Drawn Sword (Page-1), Out of The Cotton of Compassion (Page-2), This Body is The Field (Page-4), And his Wife Give Birth to Two Sons (Page-8), My Dear Sister, Humanity is My Family (Page-10), To The Town of Sialkot (Page-13), Sajjan Fell at The Guru’s Feet (Page-14), Death is Nothing but a Gateway To Birth (Page-15), With Sheikh Behram (Page-19), The Kaaba: The House of God is Everywhere (Page-24), Words to Baber (Page-29), To Seek Within Not Outside (Page-32), With Oars of Faith (Page-43), The Six Schools of Philosophy and The Guru (Page-49), To the Birthplace Krishna (Page-57). | ||
| 650 |
_aguru nanak -life _9109583 |
||
| 942 |
_2ddc _cBK |
||
| 999 |
_c193663 _d193663 |
||